00611cam a2200181 a 450000100100000000500170001000800410002703500190006804000300008708200160011724500790013325000110021226000690022330000320029249000430032465000180036783000440038500001537020200929164023.0830127m19701966sp a 000 0 spa  a(DLC) 83110628 aDO-SdBNPbspacBNPHUdDLC a225bD594ll00aDios llega al hombre :bel Nuevo Testamento de Nuestro Señor Jesucristo. a2a ed. aAsunción :bSociedades Bíblicas en América Latina,cc1970. aiv, 581 p. :bil. ;c18 cm.1 aLa palabra de Dios, para una nueva era 4aBiblia.xN.t. 0aLa palabra de Dios, para una nueva era.